Dynamical systems collection of papers
Includes bibliographical references p.669 - 673; Quỹ Châu Á
Uloženo v:
| Hlavní autor: | |
|---|---|
| Médium: | Kniha |
| Jazyk: | Undetermined |
| Vydáno: |
[S.i]
World Scientific
1991
|
| Témata: | |
| On-line přístup: | http://lrc.tdmu.edu.vn/opac/search/detail.asp?aID=2&ID=34482 |
| Tagy: |
Přidat tag
Žádné tagy, Buďte první, kdo otaguje tento záznam!
|
| Thư viện lưu trữ: | Trung tâm Học liệu Trường Đại học Thủ Dầu Một |
|---|
| LEADER | 01100nam a2200205Ia 4500 | ||
|---|---|---|---|
| 001 | TDMU_34482 | ||
| 008 | 210410s9999 xx 000 0 und d | ||
| 082 | |a 338.47 009597 | ||
| 090 | |b S311 | ||
| 100 | |a Sinai, Ya.G | ||
| 245 | 0 | |a Dynamical systems collection of papers | |
| 245 | 0 | |c Ya.G.Sinai | |
| 260 | |a [S.i] | ||
| 260 | |b World Scientific | ||
| 260 | |c 1991 | ||
| 300 | |a 673 p. | ||
| 520 | |a Includes bibliographical references p.669 - 673; Quỹ Châu Á |c Tặng; 19 articles: A multiplicative ergodic theorem, ljapunov characteristic numbers for dynamical systems; characteristic lyapunov exponents and smooth ergodic theory; on the reletions among various entropy characteristics of dynamical systems; dimension type characteristics for invariant sets of dynamical systems; hyperbolic attractors of diffeomorphisms; on structurally unstable attracting limit sets of lorenz attractor type;... | ||
| 650 | |a Mechanics Analytic; Cơ học | ||
| 856 | |u http://lrc.tdmu.edu.vn/opac/search/detail.asp?aID=2&ID=34482 | ||
| 980 | |a Trung tâm Học liệu Trường Đại học Thủ Dầu Một | ||